| 000 | 01134nam0a22003131 4500 | ||
|---|---|---|---|
| 001 | RU\NLR\INFOCOMM_195\5000048408 | ||
| 005 | 20250613092548.0 | ||
| 035 | _a(NLR Aleph) 009167811 | ||
| 090 |
_a8494079 _c8494079 |
||
| 100 | _a20100216d1980 |||y0rusy50 ca | ||
| 101 | 1 |
_aeng _crus |
|
| 102 | _aRU | ||
| 105 | _ay ||||000|y | ||
| 200 | 1 |
_aMao Tse-tung _eAn ideological a. psychol. portrait _fFedor Burlatsky _g[Transl. from the Russ. by David Skvirsky] |
|
| 210 |
_aΜ. _cProgress _d1980 |
||
| 215 |
_a398 с. _d21 см |
||
| 300 | _aВ вып. дан.: Мао Дзе-дун: Идейно-психол. портрет / Ф. бурлацкий | ||
| 320 | _aБиблиогр. в примеч.: с. 363-378 | ||
| 600 | 0 |
_aМао Цзэдун _f1893-1976 _2nlr_sh1 |
|
| 686 |
_aФ61(5Кит)8 _2rubbk |
||
| 700 | 1 |
_9z01790 _aBurlackij _bF. M. _gFedor Michajlovič _4070 |
|
| 702 | 0 |
_7ba _8eng _aMao Zedong _f1893-1976 _9252772 _3RU\NLR\AUTH\770252828 |
|
| 790 | 1 |
_9z01700 _aBurlatsky _bF. _gFedor _4070 |
|
| 801 | 1 |
_aRU _bNLR _c20100216 |
|
| 801 | 0 |
_aRU _bNLR _gPSBO |
|
| 852 |
_aNLR _jИ91 Д-3/263 |
||
| 942 | _cBOOK | ||
| 980 | _aNB | ||